Značky majú svoju finančnú hodnotu. Pracujte na nej !
Operatívny zisk je v prípade podnikov, ktoré sa silne sústredia na svoju značku pri riadení, takmer dvojnásobný oproti priemeru branže. Značka však len tak jednoduch nevznikne. Prečo sa oplatí budovať značku. Značka musí vzbudzovať pocity. Tvorba, manažment, ohodnotenie značky. Podniky a značky.
Guardado en:
| Autor principal: | |
|---|---|
| Formato: | Capítulo de libro |
| Lenguaje: | eslovaco |
| Materias: | |
| Etiquetas: |
Sin Etiquetas, Sea el primero en etiquetar este registro!
|
MARC
| LEADER | 00000naa$a2200000$$$4500 | ||
|---|---|---|---|
| 001 | 0090878 | ||
| 005 | 20240502072021.2 | ||
| 041 | 0 | |a slo | |
| 044 | |a SK | ||
| 245 | 1 | 0 | |a Značky majú svoju finančnú hodnotu. Pracujte na nej ! |c Juraj Mišún |
| 520 | |a Operatívny zisk je v prípade podnikov, ktoré sa silne sústredia na svoju značku pri riadení, takmer dvojnásobný oproti priemeru branže. Značka však len tak jednoduch nevznikne. Prečo sa oplatí budovať značku. Značka musí vzbudzovať pocity. Tvorba, manažment, ohodnotenie značky. Podniky a značky. | ||
| 610 | 2 | 0 | |a podnik |
| 610 | 2 | 0 | |a značky výrobné |
| 610 | 2 | 0 | |a značky výrobkov |
| 100 | 1 | |a Mišún, Juraj, 1978- | |